|
|
แสดงรายละเอียดบรรณานุกรม |
|
|
Brief Record
: Get Marc (ISO 2709)
: E-mail record
: |
| LEADER 00000nama 2200000uu 4500 | |||
| 008 040531s|||| th m m a000 0 tha d | |||
| 041 tha | |||
| 050 Ds589.ข284 | |||
| 100 พระพุทธิสารสุธิ (พระมหาทองสา วรลาโภ ป.ธ.8). | |||
| 245 ประวัติเมืองขอนแก่น โดยสังเขป. | |||
| 260 ขอนแก่น. คณะแพทย์ศาสตร์ มหาวิทยาลัยขอนแก่น. 2540. | |||
| 300 40หน้า. | |||
| 650 ขอนแก่น--ประวัติศาสตร์. | |||
| 995 001 | |||
| คุณยังไม่ได้ล็อกอิน คุณสามารถมีกิจกรรมร่วมกับเว็บไซต์ได้ แต่ต้องล็อกอินก่อน :: |
|
| สถานะ | |||||||||
| 1. | หนังสือทั่วไป | Ds589.ข284 | On Shelf ขอยืม | ||||||
| 2. | หนังสือทั่วไป | Ds589.ข284 | On Shelf ขอยืม | ||||||
| 3. | หนังสือทั่วไป | Ds589.ข284 | On Shelf ขอยืม | ||||||
| [แสดง 3/3 รายการ] | |||||||||
| รายการใกล้เคียง หัวเรื่อง [ขอนแก่น--ประวัติศาสตร์.]
|
BibComment |
| คอมเมนท์ทรัพยากรรายการนี้ |
|
|